000 00401nam a2200181Ia 4500
001 36115
003 IN-NITTTR
005 20251114233430.0
008 251113s9999||||xx |||||||||||||| ||eng||
040 _beng
040 _cIN-NITTTR
041 _apan
082 _a891.437 S16H
100 _aSethi, Uma
245 0 _ahasde-hasde parekhya diyo /
_cSethi,Uma
300 _a119p.
942 _2ddc
_cBK
999 _c35019
_d35019